000 00611nam a2200229Ia 4500
003 OSt
005 20221007071911.0
006 a|||||r|||| 00| 0
007 ta
008 221006b |||||||| |||| 00| 0 eng d
024 _a10,377
037 _cTextual
040 _aFLL
_cFLL
_beng
041 _2eng
_aeng
082 _aB55D
100 _aBirrell Augustine Au.
_9689648
245 0 _aDuties and liabilities of trustees
260 _aLondon
_bMacmillan and co. limited London
_c1920
300 _a183p
_ccm.
942 _hB55D
_cTEXL
_2CC
999 _c1144619
_d1144619